000 00554nam a2200157Ia 4500
003 Ost
005 20260507075658.0
008 260507s9999||||xx |||||||||||||| ||und||
040 _cfsecg
041 _aara
100 _aالمجذوب، اسامة
_eمؤلف
245 0 _aالعولمة و الاقليمية :
_bمستقبل العالم العربي في التجارة الدولية /
_c اسامة المجذوب
260 _aالقاهرة:
_bالدار المصرية اللبنانية,
_c2002
300 _a288 صفحة؛
942 _cكتاب
999 _c45766
_d45766